Statistics for Seven Continents In 15 Seconds

Click here to take the quiz!

General Stats

  • This quiz has been taken 33 times
  • The average score is 3 of 7

Answer Stats

HintAnswer% Correct
AlgeriaAfrica
100%
NoneAntarctica
67%
IndiaAsia
67%
New ZealandAustralia
33%
FranceEurope
17%
CanadaNorth America
17%
BrazilSouth America
11%

Score Distribution

Percentile by Number Answered

Percent of People with Each Score

Your Score History

You have not taken this quiz